000 00342nam a2200145Ia 4500
008 090124s9999 xx 000 0 und d
082 _b302603
245 _a सौदा
250 _a2
260 _bपाटील देवदत्त
_c1992
300 _a140
630 _a सौदा
730 _a सौदा
942 _cBOOK
999 _c192240
_d192240